000 00305nam a22001337a 4500
008 170927b xxu||||| |||| 00| 0 eng d
020 _a9780553346121
041 _aeng
080 _a37
100 _a47
101 _aEDU
245 _aSIGNING HOW TO SPEAK WITH YOUR HANDS
_cCOSTELLO,E
942 _2udc
_cBK
999 _c30297
_d30297